00581 2200217 4500001002100000005001700021008004100038020001800079035002400097082001300121090002500134100002200159245003900181260003100220300002400251650002800275850001200303980001800315985000600333999002400339YOGYA-0209000005639720090227034024.0 ind  a979-21-0713-4 0010-020900000056397 a641.6444 a641.6444bSup JlDEP aSUPRAPTI, M. Lies aJelly jambu metecM. Lies Suprapti aYogyakartabKanisiusc2004 a48 hlmbilusc24 cm aJambu mete - Pengolahan aYOPDYOG a19 April 2005 a1 a2004-194 h CB-D. 11